Biochemistry / (Record no. 2561)
[ view plain ]
| 000 -LEADER | |
|---|---|
| fixed length control field | 01131cam a22003374a 4500 |
| 001 - CONTROL NUMBER | |
| control field | 14096666 |
| 005 - DATE AND TIME OF LATEST TRANSACTION | |
| control field | 20250115132406.0 |
| 008 - FIXED-LENGTH DATA ELEMENTS--GENERAL INFORMATION | |
| fixed length control field | 050902s2007 nyuab b 001 0 eng |
| 020 ## - INTERNATIONAL STANDARD BOOK NUMBER | |
| International Standard Book Number | 0716787245 |
| 020 ## - INTERNATIONAL STANDARD BOOK NUMBER | |
| International Standard Book Number | 9780716787242 |
| 050 00 - LIBRARY OF CONGRESS CALL NUMBER | |
| Classification number | QP514.2 |
| Item number | .S66 2007 |
| 082 00 - DEWEY DECIMAL CLASSIFICATION NUMBER | |
| Classification number | 572 |
| Edition information | 22 |
| 100 1# - MAIN ENTRY--PERSONAL NAME | |
| Personal name | Berg, Jeremy M. |
| Fuller form of name | (Jeremy Mark), |
| Dates associated with a name | 1958- |
| 245 10 - TITLE STATEMENT | |
| Title | Biochemistry / |
| Statement of responsibility, etc. | Jeremy M. Berg, John L. Tymoczko, Lubert Stryer. |
| 250 ## - EDITION STATEMENT | |
| Edition statement | 6th ed. |
| 260 ## - PUBLICATION, DISTRIBUTION, ETC. | |
| Place of publication, distribution, etc. | New York : |
| Name of publisher, distributor, etc. | W.H. Freeman, |
| Date of publication, distribution, etc. | c2007. |
| 300 ## - PHYSICAL DESCRIPTION | |
| Extent | 1 v. (various pagings) : |
| Other physical details | ill. (some col.), col. maps ; |
| Dimensions | 29 cm. |
| 500 ## - GENERAL NOTE | |
| General note | Rev. ed. of: Biochemistry / Lubert Stryer. |
| 650 #0 - SUBJECT ADDED ENTRY--TOPICAL TERM | |
| Topical term or geographic name entry element | Biochemistry. |
| 650 #2 - SUBJECT ADDED ENTRY--TOPICAL TERM | |
| Topical term or geographic name entry element | Biochemistry |
| 650 #2 - SUBJECT ADDED ENTRY--TOPICAL TERM | |
| Topical term or geographic name entry element | Proteins |
| 650 #2 - SUBJECT ADDED ENTRY--TOPICAL TERM | |
| Topical term or geographic name entry element | DNA |
| 650 #2 - SUBJECT ADDED ENTRY--TOPICAL TERM | |
| Topical term or geographic name entry element | RNA |
| 650 #2 - SUBJECT ADDED ENTRY--TOPICAL TERM | |
| Topical term or geographic name entry element | Genes |
| 700 1# - ADDED ENTRY--PERSONAL NAME | |
| Personal name | Tymoczko, John L., |
| Dates associated with a name | 1948- |
| 700 1# - ADDED ENTRY--PERSONAL NAME | |
| Personal name | Stryer, Lubert. |
| 700 1# - ADDED ENTRY--PERSONAL NAME | |
| Personal name | Stryer, Lubert. |
| Title of a work | Biochemistry. |
| 856 42 - ELECTRONIC LOCATION AND ACCESS | |
| Materials specified | Publisher description |
| Uniform Resource Identifier | <a href="http://www.loc.gov/catdir/enhancements/fy0902/2005052751-d.html">http://www.loc.gov/catdir/enhancements/fy0902/2005052751-d.html</a> |
| 856 41 - ELECTRONIC LOCATION AND ACCESS | |
| Materials specified | Table of contents only |
| Uniform Resource Identifier | <a href="http://www.loc.gov/catdir/enhancements/fy0912/2005052751-t.html">http://www.loc.gov/catdir/enhancements/fy0912/2005052751-t.html</a> |
| 942 ## - ADDED ENTRY ELEMENTS (KOHA) | |
| Source of classification or shelving scheme | Library of Congress Classification |
| Koha item type | Books |
| Edition | 6th ed. |
| Suppress in OPAC | No |
| 999 ## - | |
| -- | 2561 |
| -- | 2561 |
| Withdrawn status | Lost status | Source of classification or shelving scheme | Damaged status | Not for loan | Collection | Home library | Current library | Shelving location | Date acquired | Total checkouts | Full call number | Barcode | Date last seen | Copy number | Price effective from | Koha item type |
|---|---|---|---|---|---|---|---|---|---|---|---|---|---|---|---|---|
| Library of Congress Classification | Non-fiction | Science Library (Miotso) | Science Library (Miotso) | General stacks | 01/15/2025 | QP514.2 .S66 BER | SLM00001835 | 01/15/2025 | 1 | 01/15/2025 | Books | |||||
| Library of Congress Classification | Non-fiction | Science Library (Miotso) | Science Library (Miotso) | General stacks | 01/15/2025 | QP514.2 .S66 BER | SLM00001836 | 01/15/2025 | 2 | 01/15/2025 | Books | |||||
| Library of Congress Classification | Non-fiction | Science Library (Miotso) | Science Library (Miotso) | General stacks | 01/15/2025 | QP514.2 .S66 BER | SLM00001837 | 01/15/2025 | 3 | 01/15/2025 | Books | |||||
| Library of Congress Classification | Non-fiction | Science Library (Miotso) | Science Library (Miotso) | General stacks | 01/15/2025 | QP514.2 .S66 BER | SLM00001838 | 01/15/2025 | 4 | 01/15/2025 | Books |